Quiz wiedzy ogólnej #1 - Statystyki

Ogólne statystyki
  • Ten quiz został rozwiązany 124 razy
  • Średni wynik to 7 z 15
Statystyki odpowiedzi
Hint Odpowiedź % Poprawnych
Jaki kraj słynie z makaronów? Włochy
99%
Który znak zodiaku jest reprezentowany przez kraba? Rak
90%
Z jakiego kraju pochodzi taniectango? Argentyna
68%
Kto był pierwszym Polskim noblistą? Maria Skłodowska-Curie
66%
Które państwo w Unii Europejskiej jest najbardziej zalesione? Finlandia
64%
Co jest stolicą Maroka? Rabat
54%
Która z planet obraca się wstecznie do kierunku słońca? Wenus
54%
Gdzie znajduje się serce krewetki? W głowie
49%
Jaki kolor ma Ametyst? Fioletowy
44%
Która z gwiazd na nocnym niebie jestnajjaśniejsza? Syriusz
27%
Jakie jest największe jezioro w Europie? Ładoga
22%
W którym roku zostały wydane "Treny" Jana Kochanowskiego? 1580
12%
Ile średnio żyje mucha? 30 dni
12%
Którego Ewangelistę przedstawianow sztuce za pomocą symbolu lwa? Św. Marka
7%
Jaka rzeka oddziela Nowy York iKanadyjską prowincję Ontario? Świętego Wawrzyńca
3%
Nie znaleziono quizów pasujących do podanych kryteriów
Rozkład punktacji
Procent ludzi z każdym wynikiem
Percentyl według liczby udzielonych odpowiedzi
Twoja historia wyników
Nie rozwiązałeś tego quizu